[Event "4NCL 2024-25"]
[Site "England ENG"]
[Date "2025.01.25"]
[Round "3.37"]
[White "Mirzoeva, Elmira"]
[Black "Hryshchenko, Kamila"]
[Result "1-0"]
[WhiteTitle "WGM"]
[BlackTitle "WFM"]
[WhiteElo "2298"]
[BlackElo "2119"]
[WhiteTeam "Barnet Knights A"]
[BlackTeam "The Sharks 1"]
[WhiteFideId "4127951"]
[BlackFideId "14147491"]
[EventDate "2024.11.23"]

1. d4 g6 2. Nf3 Bg7 3. b3 d6 4. Bb2 Nf6 5. g3 O-O 6. Bg2 Nc6 7. O-O a6 8. d5 Na5
9. Re1 c5 10. e4 e5 11. dxe6 fxe6 12. e5 Ng4 13. h3 Nh6 14. c4 Rb8 15. Nc3 Nf7
16. Ne4 Nc6 17. Rb1 Nfxe5 18. Nxe5 Nxe5 19. Nxd6 Nf7 20. Ne4 Bd4 21. Qe2 b6 22.
Rbd1 e5 23. Bxd4 cxd4 24. Nc3 Bb7 25. Nd5 Qd6 26. h4 Kg7 27. Qd3 Bc8 28. f4 Bf5
29. fxe5 Nxe5 30. Qxd4 Rbe8 31. Re3 Re6 32. Nf4 Rd8 33. Nxe6+ 1-0

[Event "4NCL 2024-25"]
[Site "England ENG"]
[Date "2025.01.25"]
[Round "3.38"]
[White "Varnam, Liam D"]
[Black "Pollack, Oscar"]
[Result "0-1"]
[WhiteElo "2010"]
[BlackElo "2086"]
[WhiteTeam "The Sharks 1"]
[BlackTeam "Barnet Knights A"]
[WhiteFideId "410950"]
[BlackFideId "429414"]
[EventDate "2024.11.23"]

1. e4 c5 2. Nf3 g6 3. d4 cxd4 4. Nxd4 Nc6 5. c4 Nf6 6. Nc3 d6 7. Be2 Nxd4 8.
Qxd4 Bg7 9. O-O O-O 10. Qd3 a5 11. Be3 a4 12. f3 Be6 13. Qd2 Qa5 14. Rac1 Rfc8
15. Nb5 Qxd2 16. Bxd2 Nd7 17. Rc2 f5 18. Be3 fxe4 19. fxe4 Nc5 20. Nd4 Bf7 21.
Bg4 Rc7 22. Nb5 Rc6 23. e5 Bxe5 24. Bf3 Rcc8 25. b4 axb3 26. axb3 Rab8 27. Bg4
Nxb3 28. Bxc8 Rxc8 29. Rb1 Rxc4 30. Ra2 Rc8 31. Ra7 Bd5 32. Bb6 Rc2 33. Ra8+ Kg7
34. Bf2 Nc1 35. Nd4 Rxf2 36. Ne6+ Bxe6 37. Kxf2 Nd3+ 38. Ke3 Bf4+ 39. Ke2 Bg4+
40. Kf1 Nc5 41. Rb4 e5 42. g3 Bh3+ 43. Ke2 Bg5 44. Rb6 Be7 45. Re8 Kf7 46. Rh8
h5 47. Ke3 Bf5 48. h4 d5 49. Rb5 d4+ 50. Kd2 Ne4+ 51. Ke1 d3 52. Rh7+ Ke6 0-1

[Event "4NCL 2024-25"]
[Site "England ENG"]
[Date "2025.01.25"]
[Round "3.41"]
[White "Bazakutsa, Svyatoslav"]
[Black "Larkin, Vladyslav"]
[Result "1-0"]
[WhiteTitle "IM"]
[BlackTitle "IM"]
[WhiteElo "2474"]
[BlackElo "2449"]
[WhiteTeam "Wood Green Youth"]
[BlackTeam "CSC/Kingston 1"]
[WhiteFideId "14198525"]
[BlackFideId "14152894"]
[EventDate "2024.11.23"]

1. c4 e5 2. g3 Nc6 3. Bg2 Bc5 4. Nc3 d6 5. e3 a6 6. Nf3 Nf6 7. d4 Bb4 8. Qb3
exd4 9. exd4 O-O 10. O-O Bxc3 11. Qxc3 Ne4 12. Qd3 Re8 13. Re1 Bf5 14. Nh4 Nxg3
15. Rxe8+ Qxe8 16. Nxf5 Qe1+ 17. Bf1 Nxf5 18. Qxf5 Nxd4 19. Qg4 Re8 20. Qxd4 Re6
21. b3 Rg6+ 22. Bg5 Rxg5+ 23. Kh1 Qe7 24. Bg2 Re5 25. h3 b6 26. Rg1 g6 27. Bd5
Re2 28. Rg3 Re1+ 29. Kh2 c5 30. Qc3 Qe5 31. Qxe5 Rxe5 32. Rf3 Re7 33. Rf6 Rd7
34. Bc6 Rd8 35. Kg3 Kf8 36. h4 h6 37. h5 Kg7 38. Rf3 g5 39. Kg4 Rc8 40. Bd5 Rf8
41. Kf5 Rd8 42. Re3 Rd7 43. Re4 b5 44. f4 gxf4 45. Rxf4 Re7 46. Re4 Ra7 47. Rg4+
Kf8 48. Kf6 Re7 49. Rg8+ 1-0

[Event "4NCL 2024-25"]
[Site "England ENG"]
[Date "2025.01.25"]
[Round "3.42"]
[White "Jogstad, Martin"]
[Black "Willow, Jonah B"]
[Result "0-1"]
[WhiteTitle "FM"]
[BlackTitle "IM"]
[WhiteElo "2375"]
[BlackElo "2471"]
[WhiteTeam "CSC/Kingston 1"]
[BlackTeam "Wood Green Youth"]
[WhiteFideId "1715364"]
[BlackFideId "438804"]
[EventDate "2024.11.23"]

1. c4 c5 2. g3 Nf6 3. Bg2 d5 4. cxd5 Nxd5 5. Nc3 Nc7 6. Nf3 Nc6 7. O-O e5 8. a3
Rb8 9. Rb1 f6 10. d3 Be7 11. Be3 Bd7 12. Nd2 a5 13. f4 O-O 14. Nde4 Ne6 15. Nd5
exf4 16. Nxf4 Ned4 17. Bf2 Kh8 18. h3 a4 19. e3 Nb3 20. Nd2 Nxd2 21. Qxd2 Ne5
22. d4 cxd4 23. exd4 Nc4 24. Qe2 b5 25. Rfe1 Bd6 26. Ne6 Bxe6 27. Qxe6 f5 28.
Bd5 Qc7 29. Kg2 f4 30. g4 Ne3+ 31. Bxe3 Rbe8 32. Rbc1 Qd8 33. Bf2 Rxe6 34. Bxe6
f3+ 35. Kg1 Qb8 36. Rc6 Bg3 37. Rec1 Bxf2+ 0-1

[Event "4NCL 2024-25"]
[Site "England ENG"]
[Date "2025.01.25"]
[Round "3.43"]
[White "Czopor, Maciej"]
[Black "Bottazzi, Ulysse"]
[Result "1/2-1/2"]
[WhiteTitle "FM"]
[BlackTitle "FM"]
[WhiteElo "2412"]
[BlackElo "2329"]
[WhiteTeam "Wood Green Youth"]
[BlackTeam "CSC/Kingston 1"]
[WhiteFideId "21805431"]
[BlackFideId "45102988"]
[EventDate "2024.11.23"]

1. c4 Nf6 2. Nc3 g6 3. e4 d6 4. d4 Bg7 5. Nf3 O-O 6. Bd3 Bg4 7. Be2 e5 8. d5 a5
9. Be3 Na6 10. Nd2 Bxe2 11. Qxe2 Nc5 12. O-O-O a4 13. a3 c6 14. Kb1 Qa5 15. f3
Rab8 16. Rc1 Rfc8 17. g4 b5 18. cxb5 cxb5 19. Na2 Na6 20. Rxc8+ Rxc8 21. Rc1
Rxc1+ 22. Nxc1 h5 23. h3 hxg4 24. hxg4 Nd7 25. Na2 Bf8 26. Nc3 Nc7 27. Bg5 Nc5
28. Bd8 N5a6 29. Qf2 Nc5 30. Na2 Qa7 31. Nb4 N7a6 32. Nc6 Qb7 33. Ba5 Nb8 34.
Nxb8 Qxb8 35. Qe3 Be7 36. Bb4 Qd8 37. Qe2 1/2-1/2

[Event "4NCL 2024-25"]
[Site "England ENG"]
[Date "2025.01.25"]
[Round "3.44"]
[White "Pein, Malcolm"]
[Black "Derakhshani, Borna"]
[Result "0-1"]
[WhiteTitle "IM"]
[BlackTitle "FM"]
[WhiteElo "2282"]
[BlackElo "2364"]
[WhiteTeam "CSC/Kingston 1"]
[BlackTeam "Wood Green Youth"]
[WhiteFideId "400289"]
[BlackFideId "12518450"]
[EventDate "2024.11.23"]

1. Nf3 d5 2. c4 e6 3. e3 Nf6 4. Nc3 Nbd7 5. b3 c6 6. Bb2 Bd6 7. Qc2 Qe7 8. Rg1
h6 9. g4 Ne5 10. Nxe5 Bxe5 11. f4 Bd6 12. O-O-O Bd7 13. h4 h5 14. gxh5 Nxh5 15.
Be2 f5 16. Rg5 Nf6 17. Rdg1 Rh7 18. Kb1 d4 19. exd4 Bxf4 20. R5g2 O-O-O 21. Bf3
Kb8 22. Ne2 Bd6 23. Nc1 Rg8 24. Nd3 Rxh4 25. Ne5 Rh3 26. Qd1 Be8 27. Qf1 Rh6 28.
Ng6 Bxg6 29. Rxg6 Rxg6 30. Rxg6 Qf7 31. Rg5 Bf4 32. Rg2 g5 33. Re2 Bc7 34. Qe1
g4 35. Bh1 g3 36. d5 exd5 37. Re7 Qf8 38. Qe6 Ne4 39. cxd5 Qc8 40. Qf7 Nd6 41.
Qh7 g2 42. Bxg2 Rxg2 43. Be5 a5 44. Rd7 Rg1+ 45. Kc2 cxd5 46. Kd3 Nb5 47. Qe7
Rg8 48. Bxc7+ Nxc7 49. Qd6 Rg6 50. Qe7 Rg3+ 51. Ke2 Rg8 52. Kd1 Re8 53. Qf7 Rd8
54. Re7 Rf8 55. Qg7 Re8 56. Rd7 f4 57. Rf7 Na6 58. Qf6 Nb4 59. Qxf4+ Ka8 60. Rc7
Qe6 0-1

[Event "4NCL 2024-25"]
[Site "England ENG"]
[Date "2025.01.25"]
[Round "3.45"]
[White "O'Donnell, Conor"]
[Black "Maycock Bates, David Henry"]
[Result "1-0"]
[WhiteTitle "FM"]
[BlackTitle "CM"]
[WhiteElo "2289"]
[BlackElo "2288"]
[WhiteTeam "Wood Green Youth"]
[BlackTeam "CSC/Kingston 1"]
[WhiteFideId "2504243"]
[BlackFideId "5142547"]
[EventDate "2024.11.23"]

1. Nf3 d5 2. c4 e6 3. g3 Nf6 4. Bg2 d4 5. e3 c5 6. exd4 cxd4 7. O-O Nc6 8. d3
Be7 9. Na3 e5 10. Re1 Nd7 11. Nc2 a5 12. b3 O-O 13. Rb1 f6 14. Nh4 f5 15. Bd5+
Kh8 16. Ng2 Nb4 17. Nxb4 Bxb4 18. Bd2 f4 19. Rb2 Bd6 20. Bc1 Nf6 21. Bf3 fxg3
22. hxg3 Qc7 23. Rc2 Bb4 24. Bd2 Bc5 25. Qe2 e4 26. dxe4 d3 27. Qxd3 Bxf2+ 28.
Kxf2 Ng4+ 29. Ke2 Ne5 30. Qd5 Rxf3 31. Ne3 Rf8 32. Bc3 Ng4 33. Rf1 Rxf1 34. Nxf1
Bd7 35. Qg5 Be6 36. Rd2 Rf8 37. Ne3 Nxe3 38. Kxe3 Qf7 39. Kd3 Qf3+ 40. Kc2 Qxe4+
41. Kb2 Qg6 42. Qxg6 hxg6 43. Bxa5 Rf3 44. Rd8+ Kh7 45. Rb8 Rf7 46. Bd2 g5 47.
Bxg5 Kg6 48. Bf4 Kf5 49. Kc3 Kg4 50. Kd4 Bf5 51. Bd6 Rd7 52. c5 g6 53. b4 Bc2
54. b5 Bd1 55. Rf8 Rh7 56. c6 1-0

[Event "4NCL 2024-25"]
[Site "England ENG"]
[Date "2025.01.25"]
[Round "3.46"]
[White "Bezuidenhout, Roland"]
[Black "Fitzsimons, David"]
[Result "0-1"]
[WhiteTitle "FM"]
[BlackTitle "IM"]
[WhiteElo "2311"]
[BlackElo "2303"]
[WhiteTeam "CSC/Kingston 1"]
[BlackTeam "Wood Green Youth"]
[WhiteFideId "14304562"]
[BlackFideId "2501961"]
[EventDate "2024.11.23"]

1. c4 e5 2. g3 c6 3. d4 Bb4+ 4. Bd2 Bxd2+ 5. Qxd2 d6 6. Nc3 Nf6 7. dxe5 dxe5 8.
Qxd8+ Kxd8 9. e4 Nbd7 10. Nf3 Re8 11. Bh3 Kc7 12. Bxd7 Bxd7 13. Nd2 Be6 14. Rc1
Rad8 15. Nd5+ Kb8 16. Ne3 Ng4 17. Nxg4 Bxg4 18. f3 Be6 19. Ke2 Rd4 20. b3 f5 21.
Rhd1 Red8 22. Ke1 Kc7 23. exf5 Bxf5 24. Nf1 Kb6 25. Ne3 Be6 26. Nc2 R4d7 27.
Rxd7 Rxd7 28. Ne3 Kc5 29. Rd1 Kb4 30. Rxd7 Bxd7 31. Kd2 Ka3 32. Kc3 a5 33. Nc2+
Kxa2 34. b4 a4 35. h4 h5 36. Ne3 Kb1 37. Nc2 Bf5 38. Na3+ Ka2 39. Nc2 a3 40. c5
g6 41. f4 e4 42. Ne3 Kb1 43. Nc4 e3 0-1

[Event "4NCL 2024-25"]
[Site "England ENG"]
[Date "2025.01.25"]
[Round "3.47"]
[White "Kalaiyalahan, Akshaya"]
[Black "Jarocka, Liwia"]
[Result "1-0"]
[WhiteTitle "FM"]
[BlackTitle "FM"]
[WhiteElo "2135"]
[BlackElo "2231"]
[WhiteTeam "Wood Green Youth"]
[BlackTeam "CSC/Kingston 1"]
[WhiteFideId "422894"]
[BlackFideId "21807558"]
[EventDate "2024.11.23"]

1. Nf3 d5 2. g3 c5 3. Bg2 Nf6 4. O-O Nc6 5. d4 e6 6. c4 dxc4 7. Qa4 cxd4 8. Nxd4
Qxd4 9. Bxc6+ Bd7 10. Rd1 Qxd1+ 11. Qxd1 Bxc6 12. Bg5 Ne4 13. Be3 Be7 14. Qc2
O-O 15. Nd2 Nxd2 16. Bxd2 Rfd8 17. Be3 Bf6 18. a4 Rd5 19. f3 a6 20. Qxc4 Bxb2
21. Rb1 Bf6 22. Bb6 Bd8 23. Bd4 e5 24. Bc3 Bf6 25. Kf2 Rad8 26. Ra1 Be7 27. Ke1
Kh8 28. e4 Rd3 29. Ke2 R3d7 30. Qxf7 Bf6 31. Qc4 Rc8 32. Qb3 b5 33. a5 b4 34.
Bxb4 Bb5+ 35. Kf2 Rdc7 36. Rd1 Bg5 37. h4 Bh6 38. Kg1 Bc4 39. Qa3 Rf7 40. Qc3
Kg8 41. Qxc4 Be3+ 42. Kg2 1-0

[Event "4NCL 2024-25"]
[Site "England ENG"]
[Date "2025.01.25"]
[Round "3.48"]
[White "Banerjee, Supratit"]
[Black "Sygnowski, Tomasz"]
[Result "1-0"]
[WhiteTitle "CM"]
[WhiteElo "2287"]
[BlackElo "2086"]
[WhiteTeam "CSC/Kingston 1"]
[BlackTeam "Wood Green Youth"]
[WhiteFideId "2410079"]
[BlackFideId "1115880"]
[EventDate "2024.11.23"]

1. e4 e6 2. d4 d5 3. e5 c5 4. c3 Nc6 5. Nf3 Qb6 6. Bd3 Bd7 7. O-O Rc8 8. dxc5
Bxc5 9. b4 Be7 10. Re1 f6 11. exf6 Nxf6 12. Ng5 O-O 13. Nxe6 Ng4 14. Be3 Nxe3
15. Qh5 Rf5 16. Bxf5 Nxf5 17. Nd2 g6 18. Qe2 Re8 19. Nf4 Bf6 20. Qf3 Nce7 21.
Nxd5 Nxd5 22. Qxd5+ Be6 23. Qf3 Qc6 24. Ne4 Bg7 25. Rad1 Bf7 26. h3 h6 27. a4 a6
28. b5 axb5 29. axb5 Qxb5 30. Rb1 Qc6 31. Rxb7 Qe6 32. Re2 Kh8 33. g4 Qd5 34.
Rxf7 Nh4 35. Qe3 Qxf7 36. Ng5 Rxe3 37. Nxf7+ Kg8 38. Nxh6+ Bxh6 39. fxe3 Nf3+
40. Kf2 Ng5 41. Kg2 Kf7 42. h4 Ne4 43. c4 Ke6 44. Kf3 Nd6 45. c5 Nf7 46. Ke4 Ne5
47. g5 Bf8 48. Rf2 Be7 49. Kd4 Bxc5+ 50. Ke4 Be7 51. Ra2 Nd7 52. Ra6+ Bd6 53.
Ra8 Bf8 54. Ra1 Nc5+ 55. Kf4 Nd3+ 56. Kg4 Ne5+ 57. Kh3 Bc5 58. e4 Bd6 59. Ra7
Nf7 60. Ra8 Be7 61. Rg8 Ne5 62. Ra8 Nf7 63. Kg3 Bd6+ 64. Kg4 Ne5+ 65. Kh3 Nf7
66. Ra6 Ke5 67. Ra4 Ke6 68. Ra5 Be7 69. Ra1 Nd6 70. Ra4 Nf7 71. Ra5 Ne5 72. Ra6+
Bd6 73. h5 gxh5 74. Kh4 Nd3 75. g6 Ne5 76. g7 Ng6+ 77. Kxh5 Ne7 78. Ra7 Ng8 79.
Kg6 Be5 80. Ra6+ Ke7 81. Kh7 1-0

[Event "4NCL 2024-25"]
[Site "England ENG"]
[Date "2025.01.25"]
[Round "3.51"]
[White "Hebden, Mark L"]
[Black "Parker, Jonathan F"]
[Result "1-0"]
[WhiteTitle "GM"]
[BlackTitle "GM"]
[WhiteElo "2383"]
[BlackElo "2518"]
[WhiteTeam "Cheddleton Savills Catering"]
[BlackTeam "Barbican 4NCL"]
[WhiteFideId "400084"]
[BlackFideId "400580"]
[EventDate "2024.11.23"]

1. d4 Nf6 2. Nf3 e6 3. Bg5 h6 4. Bh4 c5 5. e3 Be7 6. c3 b6 7. Nbd2 O-O 8. Rc1
Bb7 9. Bd3 d5 10. O-O Nbd7 11. Qe2 Ne4 12. Bxe7 Qxe7 13. Rfd1 Rfd8 14. Ne5 Ndf6
15. Bb1 Rac8 16. Nf1 a6 17. f3 Nd6 18. g4 Nd7 19. Ng3 Nf8 20. Re1 Rc7 21. Rcd1
a5 22. Qf2 Qe8 23. f4 f6 24. Nf3 Rf7 25. h4 Ne4 26. Qg2 Nh7 27. Nd2 f5 28. g5
hxg5 29. hxg5 Nf8 30. Nf3 g6 31. Ne5 Rh7 32. Bxe4 dxe4 33. dxc5 bxc5 34. Rxd8
Qxd8 35. Qe2 Qc8 36. Rd1 Ba6 37. c4 a4 38. Rd6 a3 39. b3 Bb7 40. Qd2 Qc7 41. Rd8
Kg7 42. Qd6 Qxd6 43. Rxd6 Rh8 44. Rd8 1-0

[Event "4NCL 2024-25"]
[Site "England ENG"]
[Date "2025.01.25"]
[Round "3.52"]
[White "Panjwani, Raja"]
[Black "Kirk, Ezra"]
[Result "0-1"]
[WhiteTitle "IM"]
[BlackTitle "IM"]
[WhiteElo "2443"]
[BlackElo "2394"]
[WhiteTeam "Barbican 4NCL"]
[BlackTeam "Cheddleton Savills Catering"]
[WhiteFideId "2604493"]
[BlackFideId "600067"]
[EventDate "2024.11.23"]

1. e4 e6 2. d4 d5 3. Nd2 Be7 4. Ngf3 Nf6 5. e5 Nfd7 6. Bd3 c5 7. c3 Nc6 8. O-O
g5 9. Nb1 h5 10. Be3 Nf8 11. dxc5 Nd7 12. Bb5 g4 13. Nd4 Ndxe5 14. Bf4 Bd7 15.
Re1 Ng6 16. Bxc6 bxc6 17. Bd6 Bxd6 18. cxd6 Qb8 19. Nf5 Kf8 20. Ne7 Nxe7 21.
dxe7+ Kxe7 22. Qd4 Qb6 23. Qf4 f6 24. Nd2 Qb8 25. Qd4 e5 26. Nb3 Kf7 27. Qe3 h4
28. Nc5 Bf5 29. b4 a5 30. a3 h3 31. g3 axb4 32. axb4 Qb5 33. f3 Qc4 34. Nb7 Qd3
35. Qxd3 Bxd3 36. fxg4 Kg6 37. Nc5 Bc4 38. Kf2 Rhd8 39. Nb7 Rxa1 40. Rxa1 Rb8
41. Nd6 Rd8 42. Nf5 Bd3 43. Ne7+ Kg5 44. Nxc6 Rc8 45. Ne7 Rc6 46. c4 Rxc4 47.
Nxd5 Rc2+ 48. Ke3 Bc4 49. Ke4 Bxd5+ 50. Kxd5 Rxh2 51. Rf1 Rd2+ 52. Ke6 h2 53. b5
Rb2 0-1

[Event "4NCL 2024-25"]
[Site "England ENG"]
[Date "2025.01.25"]
[Round "3.53"]
[White "Pert, Richard G"]
[Black "Merry, Alan B"]
[Result "1/2-1/2"]
[WhiteTitle "IM"]
[BlackTitle "IM"]
[WhiteElo "2406"]
[BlackElo "2414"]
[WhiteTeam "Cheddleton Savills Catering"]
[BlackTeam "Barbican 4NCL"]
[WhiteFideId "404748"]
[BlackFideId "418811"]
[EventDate "2024.11.23"]

1. d4 Nf6 2. Nf3 d5 3. c4 e6 4. Nc3 dxc4 5. e3 a6 6. a4 b6 7. Bxc4 Bb7 8. O-O c5
9. Qe2 Nbd7 10. Rd1 Qc7 11. d5 exd5 12. Nxd5 Bxd5 13. Rxd5 Nxd5 14. Bxd5 Rd8 15.
e4 Be7 16. g3 O-O 17. Bf4 Qc8 18. Bc4 Nb8 19. h4 b5 20. axb5 axb5 21. Bxb5 Nc6
22. h5 h6 23. Ra6 Nd4 24. Nxd4 cxd4 25. Bd3 Bg5 26. Bxg5 hxg5 27. e5 Qh3 28. Qf3
Rc8 29. Ra1 Qe6 30. Re1 f5 31. Qe2 Rc5 32. b3 Rfc8 33. Bc4 Rxc4 34. bxc4 Rxc4
35. Qd2 1/2-1/2

[Event "4NCL 2024-25"]
[Site "England ENG"]
[Date "2025.01.25"]
[Round "3.54"]
[White "Taylor, Martin R"]
[Black "Williams, Simon K"]
[Result "0-1"]
[WhiteTitle "FM"]
[BlackTitle "GM"]
[WhiteElo "2336"]
[BlackElo "2451"]
[WhiteTeam "Barbican 4NCL"]
[BlackTeam "Cheddleton Savills Catering"]
[WhiteFideId "407836"]
[BlackFideId "404454"]
[EventDate "2024.11.23"]

1. d4 e6 2. Nf3 f5 3. g3 Nf6 4. Bg2 Be7 5. c4 Ne4 6. O-O d5 7. Qc2 Nc6 8. Nc3
Bf6 9. Rd1 O-O 10. cxd5 exd5 11. Ne5 Ne7 12. f3 Nd6 13. e3 Be6 14. b3 g5 15. Ba3
f4 16. exf4 gxf4 17. g4 Nf7 18. Nxf7 Rxf7 19. Rd2 Ng6 20. Ne2 Bh4 21. Rf1 Qg5
22. Nc1 h5 23. gxh5 Qxh5 24. Nd3 Bf5 25. Qd1 Bg3 26. hxg3 fxg3 27. Re1 Qh2+ 28.
Kf1 Bh3 29. Ne5 Nf4 0-1

[Event "4NCL 2024-25"]
[Site "England ENG"]
[Date "2025.01.25"]
[Round "3.55"]
[White "Eggleston, David J"]
[Black "Cox, John J"]
[Result "1-0"]
[WhiteTitle "IM"]
[BlackTitle "IM"]
[WhiteElo "2349"]
[BlackElo "2255"]
[WhiteTeam "Cheddleton Savills Catering"]
[BlackTeam "Barbican 4NCL"]
[WhiteFideId "412120"]
[BlackFideId "401064"]
[EventDate "2024.11.23"]

1. e4 Nf6 2. e5 Nd5 3. d4 d6 4. Nf3 dxe5 5. Nxe5 c6 6. Be2 Bf5 7. O-O Nd7 8. Nf3
e6 9. c4 N5b6 10. Bf4 Be7 11. Nc3 O-O 12. d5 cxd5 13. cxd5 Bf6 14. Nd4 Bxd4 15.
Qxd4 Nf6 16. d6 Nbd5 17. Nxd5 Nxd5 18. Bg3 Qa5 19. Bf3 Rfd8 20. a3 Rd7 21. Rac1
Rad8 22. Rc5 Qb6 23. Bxd5 exd5 24. Qxd5 Be6 25. Qd4 Qb3 26. Rg5 f5 27. Be5 g6
28. Rg3 Qd5 29. Qc3 Qc4 30. Qe3 Qe4 31. Qxe4 fxe4 32. Rd1 Rc8 33. Re3 Bd5 34. f4
Bc6 35. g4 Kf7 36. Rc1 Re8 37. h4 h6 38. Kf2 Ke6 39. Rec3 Rf7 40. Ke3 g5 41. Rc5
gxf4+ 42. Bxf4 Ref8 43. Rf1 Rg8 44. Re5+ Kd7 45. b4 a6 46. Rg1 Rgf8 47. Rf5 Rxf5
48. gxf5 Rxf5 49. Rg7+ Ke8 50. Re7+ Kd8 51. Rh7 Rd5 52. Rxh6 Rd3+ 53. Ke2 Rxa3
54. Rh8+ Kd7 55. Rh7+ Ke6 56. Re7+ Kf5 57. Be3 Bb5+ 58. Kf2 Rd3 59. h5 Rd1 60.
h6 Kg6 61. Rg7+ Kf6 62. Rxb7 Rh1 63. d7 1-0

[Event "4NCL 2024-25"]
[Site "England ENG"]
[Date "2025.01.25"]
[Round "3.56"]
[White "Zhao, George"]
[Black "Pert, Max"]
[Result "1/2-1/2"]
[WhiteTitle "CM"]
[BlackTitle "FM"]
[WhiteElo "2151"]
[BlackElo "2323"]
[WhiteTeam "Barbican 4NCL"]
[BlackTeam "Cheddleton Savills Catering"]
[WhiteFideId "494607"]
[BlackFideId "456845"]
[EventDate "2024.11.23"]

1. d4 d5 2. c4 e6 3. Nf3 Nf6 4. g3 Bb4+ 5. Bd2 a5 6. Bg2 O-O 7. Qc2 c5 8. O-O
cxd4 9. Nxd4 e5 10. Nf3 e4 11. Nd4 Nc6 12. e3 dxc4 13. Nxc6 bxc6 14. a3 Bxd2 15.
Nxd2 Qd3 16. Rfc1 Be6 17. Nxe4 Nxe4 18. Bxe4 Qxc2 19. Rxc2 Rab8 20. Bxc6 Rb6 21.
Bg2 Rfb8 22. Rd1 Kf8 23. Bd5 Rxb2 24. Rxc4 Rb1 25. Rd4 Bxd5 26. Rxd5 Rxd1+ 27.
Rxd1 Rb3 28. a4 Ra3 29. Rd4 Ke7 30. h4 h5 31. Kg2 Ke6 32. Kf3 Ra2 33. Kg2 g6 34.
Kf3 Ke5 35. Kg2 Ke6 36. Kf3 Ke5 37. Kg2 Ke6 1/2-1/2

[Event "4NCL 2024-25"]
[Site "England ENG"]
[Date "2025.01.25"]
[Round "3.57"]
[White "Baptie, Justin P"]
[Black "Sowray, Peter J"]
[Result "1/2-1/2"]
[BlackTitle "FM"]
[WhiteElo "2092"]
[BlackElo "2210"]
[WhiteTeam "Cheddleton Savills Catering"]
[BlackTeam "Barbican 4NCL"]
[WhiteFideId "411663"]
[BlackFideId "400971"]
[EventDate "2024.11.23"]

1. e4 c5 2. d4 cxd4 3. c3 Nf6 4. e5 Nd5 5. Qxd4 e6 6. Nf3 Nc6 7. Qe4 d6 8. exd6
Bxd6 9. Bd3 Nf6 10. Qe2 O-O 11. Bg5 Be7 12. O-O Qc7 13. Nbd2 Rd8 14. Bxf6 Bxf6
15. Ne4 Be7 16. Bc2 Bd7 17. Ng3 Be8 18. Qe4 g6 19. h4 Bf6 20. h5 Rac8 21. Rad1
b5 22. a3 Bg7 23. hxg6 hxg6 24. Qh4 Rxd1 25. Rxd1 Rd8 26. Rxd8 Qxd8 27. Ng5 Qd2
28. Bb3 Na5 29. Ba2 Nc4 30. Bxc4 bxc4 31. Qh7+ Kf8 32. Qh4 Be5 33. Nf3 Qc1+ 34.
Nf1 Bg7 35. Qxc4 Qxb2 36. Qc5+ Kg8 37. Qxa7 Bxc3 38. Qe7 Qb5 39. Ng5 Be5 40. Ne4
Bc6 41. Nd6 Qd5 42. Qxf7+ Kh8 43. Qf8+ Kh7 44. Qe7+ 1/2-1/2

[Event "4NCL 2024-25"]
[Site "England ENG"]
[Date "2025.01.25"]
[Round "3.58"]
[White "Bhatia, Kanwal K"]
[Black "Pert, Nina"]
[Result "0-1"]
[WhiteTitle "WFM"]
[BlackTitle "WCM"]
[WhiteElo "1966"]
[BlackElo "1992"]
[WhiteTeam "Barbican 4NCL"]
[BlackTeam "Cheddleton Savills Catering"]
[WhiteFideId "407496"]
[BlackFideId "456853"]
[EventDate "2024.11.23"]

1. e4 e6 2. d4 d5 3. Nd2 Nf6 4. e5 Nfd7 5. Ndf3 c5 6. c3 Nc6 7. Bd3 cxd4 8. cxd4
Qb6 9. Ne2 Be7 10. O-O Nf8 11. Re1 Bd7 12. a4 Ng6 13. Bb1 Na5 14. Bc2 Rc8 15.
Nc3 Bb4 16. Re3 Nc4 17. Rd3 Nf4 18. Ng5 Nxd3 19. Qxd3 Be7 20. b3 Bxg5 21. Bxg5
Nb2 22. Qg3 Qxd4 23. Ne2 Qb4 24. Bd3 Qxb3 25. Nc1 Rxc1+ 26. Bxc1 Nxd3 27. Ba3
Qc3 0-1

[Event "4NCL 2024-25"]
[Site "England ENG"]
[Date "2025.01.25"]
[Round "3.61"]
[White "Emms, John M"]
[Black "Rendle, Thomas E"]
[Result "1-0"]
[WhiteTitle "GM"]
[BlackTitle "IM"]
[WhiteElo "2411"]
[BlackElo "2378"]
[WhiteTeam "Chessable White Rose 1"]
[BlackTeam "The Sharks 2"]
[WhiteFideId "400254"]
[BlackFideId "408760"]
[EventDate "2024.11.23"]

1. e4 e5 2. Nf3 Nc6 3. Nc3 Nf6 4. d4 exd4 5. Nxd4 Bb4 6. Nxc6 bxc6 7. Bd3 O-O 8.
O-O Re8 9. Bg5 h6 10. Bh4 d5 11. exd5 g5 12. Bg3 cxd5 13. h3 Rb8 14. Qf3 d4 15.
Ne4 Nxe4 16. Bxe4 Rb6 17. Bd3 Ba5 18. Bc4 Qd7 19. Rad1 c5 20. c3 Bb7 21. Qh5 Rf6
22. h4 Qc6 23. f3 dxc3 24. Rd6 Qxd6 25. Bxd6 gxh4 26. Be5 1-0

[Event "4NCL 2024-25"]
[Site "England ENG"]
[Date "2025.01.25"]
[Round "3.62"]
[White "Lentzos, Ioanis"]
[Black "Palliser, Richard J D"]
[Result "1-0"]
[BlackTitle "IM"]
[WhiteElo "2117"]
[BlackElo "2353"]
[WhiteTeam "The Sharks 2"]
[BlackTeam "Chessable White Rose 1"]
[WhiteFideId "4255470"]
[BlackFideId "407372"]
[EventDate "2024.11.23"]

1. c4 c5 2. Nf3 Nf6 3. Nc3 Nc6 4. e3 e5 5. d4 e4 6. d5 exf3 7. dxc6 dxc6 8.
Qxd8+ Kxd8 9. gxf3 g6 10. b3 Bg7 11. Bb2 Ke7 12. Ne4 b6 13. Bg2 Rd8 14. f4 Nxe4
15. Bxg7 Bf5 16. Be5 f6 17. f3 fxe5 18. fxe4 Bg4 19. h3 Bh5 20. O-O Rf8 21. Rf2
Rad8 22. Raf1 Rd3 23. fxe5 Rxf2 24. Rxf2 Rxe3 25. Rf6 Re1+ 26. Kf2 Re2+ 27. Kg3
Rxa2 28. Rxc6 Bd1 29. h4 Bxb3 30. Bh3 Bxc4 31. Rc7+ Kf8 32. Rc8+ Ke7 33. Rc7+
Kf8 34. Rc8+ Kg7 35. Rc7+ Kh6 36. Bd7 Re2 37. Kf3 Bd3 38. Bc6 Bc4 39. Bd5 Bxd5
40. Kxe2 Bxe4 41. e6 Bd5 42. e7 Bf7 43. Rc8 1-0